| 000 | 00517caa a22001452a 4500 | ||
|---|---|---|---|
| 001 | 004882 | ||
| 003 | AR-FADEU | ||
| 008 | 311216n########xxu####################dd | ||
| 092 |
_a340.02 _bR429 |
||
| 100 | _aStiglitz, Rubén S. | ||
| 245 | _aEmplazamiento del seguro en la teoría general de la responsabilidad civil | ||
| 300 | _aPP. 717-728 | ||
| 500 | _aEn: La responsabilidad. Homenaje al profesor doctor Isidoro H. Goldenberg. /ed. Atilio Aníbal Alterini. Buenos Aires : Abeledo-Perrot, 1995 | ||
| 942 | _cBDGR | ||
| 999 |
_c10704 _d10704 |
||